| 000 | 00000nas 2200000zi 4500 |
| 001 | 9.502923 |
| 003 | CaOODSP |
| 005 | 20240912080210 |
| 006 | m o d f |
| 007 | cr ||||||||||| |
| 008 | 150406d19912007oncar p of|||f| |0fre|d |
| 020 | |z0662964500|z0660945568|z0660948419 |
| 022 | |z1184-8111|z1188-7893 |
| 040 | |aCaOODSP|bfre|erda|cCaOODSP |
| 043 | |an-cn--- |
| 086 | 1 |aBT51-3/1F-PDF|zBT51-3/1-1992F|zBT51-3/1-1994F|zBT51-3/1-1995F |
| 245 | 00|aInfo source. Source de renseignements fédéraux. |
| 246 | 1 |iTitre de renvoi : |aInfo source. Sources de renseignements fédéraux |
| 264 | 1|a[Ottawa] : |bSecrétariat du Conseil du Trésor du Canada, Direction de la politique administrative, Section des pratiques de gestion de l'information, |c[1991-2007?] |
| 310 | |aAnnuel |
| 336 | |atexte|btxt|2rdacontent/fre |
| 337 | |ainformatique|bc|2rdamedia/fre |
| 338 | |aressource en ligne|bcr|2rdacarrier/fre |
| 362 | 1 |aParaît depuis [1990/1991]; ne paraît plus après 2006/2007, volume 2 (D à Z)? |
| 500 | |aPublié aussi en anglais sous le titre : Info source. Sources of federal government information. |
| 500 | |aCertains livraisons numérisées par Direction des publications du gouvernement du Canada. |
| 500 | |aCertaines livr. comportent le titre: Info source. Sources de renseignements fédéraux. |
| 500 | |aLes livr. de 2001/2002- sont publieĢes en 2 v. |
| 650 | 6|aMinistères|zCanada|xDocuments et correspondance|vGuides, manuels, etc.|vPériodiques. |
| 650 | 6|aInformation sur l'État|zCanada|vGuides, manuels, etc.|vPériodiques. |
| 650 | 6|aArchives publiques|xAccès|xContrôle|zCanada|vGuides, manuels, etc.|vPériodiques. |
| 650 | 6|aLiberté d'information|zCanada|vGuides, manuels, etc.|vPériodiques. |
| 651 | 6|aCanada. |
| 655 | 7|aGuides et manuels|2rvmgf |
| 655 | 7|aPériodiques|2rvmgf |
| 710 | 1 |aCanada. |bConseil du trésor, |eorganisme de publication. |
| 775 | 08|tInfo source. Sources of federal government information.|w(CaOODSP)9.506527 |